01002ngm a2200301 4500003000400000005001700004007000500021008004100026010002000067024002400087035002000111040001300131082001500144245011800159260003200277300006100309440003200370500003500402538004900437538007900486650001900565700002300584700002300607700001500630700001800645700001700663700002000680dpl20081217115649.0DVD ||||||sp199 xxu|||||c ||| 00| 0 ng d  aDVD-001545-1547 aSHE-DVD-434c499.00 aDVD-001545-1547 aDPLcDPL aDVD / CLOS aClose & Personal With The Gurus of Bandish-Ustad Rashid KhancArjoe Entertainment Presentsh[videorecording] DVD/ bShemaroo Home Entertainment a1 videodisc DVD; (165 min.)bsd., col. ;c4 3/4 in.fDVD aShemaroo Home Entertainment aFirst Time For Classical Music aDolby Digital 5.1 - Hindi Subtitles: English aNTSC Format-All Regions, 16x9 Anamorphic (2:23.1 Aspect Ratio), Dual Layer aMotion Picture aBattacherjee, Arya aMukherjee, Arindam aSamar Saha aNayak, Sudhir aBose, Soumya aKhapade, Prasad